LIVESTOCK PRODUCTION AND MANAGEMENT (Record no. 216841)

MARC details
000 -LEADER
fixed length control field 00405nam a22001577a 4500
008 - FIXED-LENGTH DATA ELEMENTS--GENERAL INFORMATION
fixed length control field 260318b |||||||| |||| 00| 0 eng d
020 ## - INTERNATIONAL STANDARD BOOK NUMBER
International Standard Book Number 9798887151243
050 ## - LIBRARY OF CONGRESS CALL NUMBER
Classification number SF 61. B35 2023
100 ## - MAIN ENTRY--PERSONAL NAME
Personal name BAJAJ DHRUV
245 ## - TITLE STATEMENT
Title LIVESTOCK PRODUCTION AND MANAGEMENT
260 ## - PUBLICATION, DISTRIBUTION, ETC.
Place of publication, distribution, etc. DUBLIN
Name of publisher, distributor, etc. ORYSON PRESS
Date of publication, distribution, etc. 2023
300 ## - PHYSICAL DESCRIPTION
Extent 328
650 ## - SUBJECT ADDED ENTRY
Topical term or geographic name entry element LIvestock management
942 ## - ADDED ENTRY ELEMENTS (KOHA)
Source of classification or shelving scheme Library of Congress Classification
Koha item type Long Loan Book
Holdings
Withdrawn status Lost status Source of classification or shelving scheme Damaged status Not for loan Collection Home library Current library Shelving location Date acquired Inventory number Total checkouts Full call number Date last seen Copy number Price effective from Koha item type
    Library of Congress Classification     Science & Technology Kisii University Library Kisii University Library On Display 03/18/2026 112410   SF 61. B35 2023 03/18/2026 C.2 03/18/2026 Long Loan Book
    Library of Congress Classification     Science & Technology Kisii University Library Kisii University Library On Display 03/18/2026 112409   SF 61. B35 2023 03/18/2026 C.1 03/18/2026 Long Loan Book
    Library of Congress Classification     Science & Technology Kisii University Library Kisii University Library On Display 03/18/2026 112411   SF 61. B35 2023 03/18/2026 C.3 03/18/2026 Long Loan Book